| 000 | 00586nam a2200193Ia 4500 | ||
|---|---|---|---|
| 003 | IN-BaIIA | ||
| 008 | 211028s9999 xx 000 0 eng d | ||
| 040 | _cIIA Library | ||
| 080 |
_a551.510.5 _bBUD |
||
| 100 |
_aBudden, K. G _93894 |
||
| 245 | 0 |
_aRadio waves in the ionosphere _cK. G. Budden |
|
| 260 |
_aCambridge _bCambridge University Press _c1961 |
||
| 300 | _axxiv, 542p. | ||
| 650 | _aAstronomy and astrophysics thesaurus | ||
| 650 | _aIonosphere | ||
| 650 |
_aMagnetosphere _93270 |
||
| 650 |
_aRadio waves _92150 |
||
| 942 | _cBK | ||
| 999 |
_c2078 _d2078 |
||